[Event "Top 16 Groupe A"]
[Site "Chartres, France"]
[Date "2024.06.02"]
[Round "4.27"]
[White "Gharamian, Tigran"]
[Black "Ramirez Garcia, Jorge Alberto"]
[Result "1-0"]
[WhiteElo "2588"]
[BlackElo "2266"]
[PlyCount "85"]
[EventDate "2024.??.??"]

1. e4 {2} c5 {307} 2. Nf3 {53} e6 3. g3 {8} d5 {34} 4. Nc3 {192} dxe4 {571} 5.
Nxe4 {39} Be7 {12} 6. d4 {226} cxd4 {27} 7. Qxd4 {12} Qxd4 {387} 8. Nxd4 {118}
a6 {702} 9. Be3 {789} e5 {521} 10. Nb3 {62} Nc6 {136} 11. O-O-O {552} Bg4 {47}
12. Nd6+ {5} Kf8 {201} 13. Rd2 {143} Nd4 {800} 14. Nxd4 {453} Bxd6 {132} 15.
Ne6+ {210} Ke7 {756} 16. Nxg7 {96} Bb4 {8} 17. c3 {18} Rc8 {15} 18. Bg2 {380}
Bc5 {178} 19. h3 {585} Bxe3 {87} 20. fxe3 {5} Bd7 {22} 21. Bxb7 {27} Rc7 {18}
22. Be4 {26} Kf6 {68} 23. Nf5 {217} Bxf5 {146} 24. Rf1 {29} Ne7 {8} 25. Bxf5 {
29} Nxf5 {22} 26. Rdf2 {51} Ke6 {47} 27. Rxf5 {7} h5 {75} 28. e4 {535} Rh6 {6}
29. Kd2 {25} f6 {7} 30. R1f3 {58} Rg7 {55} 31. Ke2 {21} Rhg6 {25} 32. b4 {231}
a5 {95} 33. b5 {19} a4 {33} 34. Kd3 {66} Rxg3 {240} 35. Rxf6+ {19} Ke7 {3} 36.
Kc4 {98} Rxh3 {94} 37. Rxh3 {42} Kxf6 {2} 38. Rxh5 {15} Rg2 {15} 39. a3 {135}
Rb2 {68} 40. Rh6+ {112} Kg5 {6} 41. Ra6 {4} Kf4 {10} 42. Rxa4 {5} Kxe4 {36} 43.
Rb4 {25} 1-0

[Event "Top 16 Groupe A"]
[Site "Chartres, France"]
[Date "2024.06.02"]
[Round "4.28"]
[White "De Balmann, Marc"]
[Black "Van Foreest, Jorden"]
[Result "0-1"]
[WhiteElo "2148"]
[BlackElo "2664"]
[PlyCount "140"]
[EventDate "2024.??.??"]

1. Nf3 {2} d5 {11} 2. g3 {6} Nd7 {18} 3. d4 {33} Nb6 {33} 4. Bg2 {44} Bf5 {49}
5. O-O {172} Nf6 {64} 6. b3 {235} h5 {21} 7. Nbd2 {190} e6 {27} 8. Re1 {578} c6
{261} 9. Bb2 {437} Be7 {40} 10. c4 {356} Ne4 {465} 11. Nxe4 {267} Bxe4 {5} 12.
Nd2 {127} Bxg2 {6} 13. Kxg2 {4} dxc4 {4} 14. Nxc4 {160} Bb4 {4} 15. Nxb6 {365}
axb6 {6} 16. Rf1 {18} Qd5+ {355} 17. f3 {117} h4 {20} 18. e4 {494} Qh5 {79} 19.
g4 {51} h3+ {11} 20. Kh1 {50} Qg6 {8} 21. Qe2 {116} Bd6 {158} 22. a4 {452} Bf4
{6} 23. Bc1 {89} Qg5 {90} 24. Bxf4 {272} Qxf4 {7} 25. Rad1 {5} Ra5 {195} 26.
Qd2 {116} Qxd2 {42} 27. Rxd2 {2} b5 {6} 28. axb5 {133} Rxb5 {5} 29. Rd3 {25}
Ke7 {68} 30. Kg1 {50} Ra5 {433} 31. Rfd1 {118} Ra2 {156} 32. R3d2 {23} Rxd2 {
462} 33. Rxd2 {2} Rd8 {9} 34. Kf2 {50} e5 {4} 35. d5 {136} cxd5 {5} 36. exd5 {
14} Kd6 {117} 37. Kg3 {219} Rh8 {54} 38. g5 {414} b5 {208} 39. b4 {316} Rc8 {5}
40. Kxh3 {71} Rc4 {4} 41. Rb2 {102} Kxd5 {6} 42. Kg3 {24} g6 {74} 43. h4 {293}
Rd4 {3} 44. Rb1 {533} Kc4 {540} 45. Re1 {7} Kxb4 {430} 46. Rxe5 {10} Rd7 {3}
47. f4 {162} Kc4 {11} 48. f5 {215} b4 {78} 49. fxg6 {103} fxg6 {5} 50. h5 {33}
Rd3+ {3} 51. Kh2 {135} b3 {177} 52. hxg6 {61} b2 {5} 53. Re1 {11} Rd5 {2} 54.
Rg1 {77} Rxg5 {165} 55. Rxg5 {15} b1=Q {6} 56. g7 {131} Qb8+ {5} 57. Rg3 {21}
Qg8 {5} 58. Kg2 {174} Kd4 {5} 59. Kh3 {34} Ke4 {9} 60. Kg2 {5} Ke5 {10} 61. Kh3
{9} Kf4 {7} 62. Kg2 {122} Qd5+ {20} 63. Kh2 {11} Qh5+ {3} 64. Kg2 {9} Qe2+ {4}
65. Kh3 {8} Qe1 {17} 66. Rg4+ {168} Kf3 {6} 67. Kh2 {47} Qd2+ {3} 68. Kg1 {87}
Qc1+ {3} 69. Kh2 {12} Qc2+ {5} 70. Kh1 {44} Qh7+ {6} 0-1

[Event "Top 16 Groupe A"]
[Site "Chartres, France"]
[Date "2024.06.02"]
[Round "4.29"]
[White "Delorme, Axel"]
[Black "Solakian-Van Eyll, Jerome"]
[Result "1/2-1/2"]
[WhiteElo "2487"]
[BlackElo "2247"]
[PlyCount "160"]
[EventDate "2024.??.??"]

1. d4 {14} d5 {37} 2. c4 {6} e6 {107} 3. Nf3 {7} Nf6 {25} 4. g3 {64} Bd6 {108}
5. Nbd2 {259} O-O {284} 6. Bg2 {34} b6 {175} 7. O-O {154} Bb7 {63} 8. e4 {2313}
dxe4 9. Ng5 {62} Nc6 {635} 10. Ndxe4 {111} Be7 {135} 11. Be3 {93} h6 {191} 12.
Nxf6+ {51} Bxf6 {13} 13. Nf3 {233} Ne7 {148} 14. Qe2 {439} Nf5 {258} 15. Rad1 {
49} Qe7 {124} 16. Rd2 {1492} Rad8 {49} 17. Rfd1 {109} c5 {286} 18. dxc5 {90}
Nxe3 {48} 19. fxe3 {55} Bxf3 {245} 20. Bxf3 {75} Qxc5 {175} 21. Rd7 {231} a5 {
241} 22. b3 {54} Rxd7 {77} 23. Rxd7 {5} Rd8 {20} 24. Rxd8+ {6} Bxd8 {2} 25. Qd3
{47} Bf6 {27} 26. Kf2 {18} Qa3 {418} 27. Qc2 {40} g6 {46} 28. Be4 {82} Kg7 {140
} 29. Qd2 {56} h5 {47} 30. h4 {166} Bb2 {259} 31. Bb1 {14} Be5 {15} 32. Be4 {
246} Qe7 {57} 33. Qd1 {92} Qc7 {71} 34. Qf3 {36} Qd6 {16} 35. Kg2 {52} Qd2+ {
102} 36. Qf2 {6} Qd6 {57} 37. Qf3 {29} Qd2+ {5} 38. Qf2 {4} Qc1 {10} 39. Bc6 {
27} Qd1 {185} 40. Be8 {166} Bf6 {58} 41. Bc6 {24} Qd6 {145} 42. Bb7 {246} Be5 {
328} 43. Bf3 {44} Qc7 {146} 44. Qe1 {34} a4 {137} 45. bxa4 {226} Qxc4 {39} 46.
Qd2 {234} Qxa4 {43} 47. Bd1 {54} Qa8+ {84} 48. Bf3 {6} Qb8 {12} 49. Qf2 {8} Qd6
{46} 50. Be4 {30} Qc5 {157} 51. Qe2 {57} Qc3 {28} 52. Bd3 {89} Bd6 {55} 53. Ba6
{413} Bc5 {132} 54. Bd3 {101} Qe5 {14} 55. e4 {325} Qd4 {54} 56. Kh3 {47} Qg1 {
90} 57. Qf1 {52} Qe3 {81} 58. Qe2 {15} Qc1 {31} 59. Qf1 {19} Qb2 {55} 60. Qe2 {
66} Qe5 {22} 61. Qf3 {34} Bd6 {20} 62. Qg2 {35} Qa1 {47} 63. Bf1 {43} Qe1 {94}
64. Bd3 {186} Be5 {31} 65. Bc4 {160} Qd1 {105} 66. Be2 {53} Qe1 {8} 67. Bc4 {78
} Qe3 {7} 68. Bb3 {169} Kh6 {245} 69. Bd1 {54} Kg7 {273} 70. Bb3 {12} Kg8 {18}
71. Bd1 {34} Kf8 {25} 72. Qf3 {159} Qg1 {84} 73. Bb3 {24} Kg7 {8} 74. Qg2 {64}
Qe3 {7} 75. Bd1 {58} b5 {35} 76. Qf3 {33} Qg1 {24} 77. Bb3 {11} Qe1 {11} 78.
Qg2 {71} Qe3 {110} 79. Bd1 {19} Kg8 {85} 80. Qf3 {15} Qxf3 {82} 1/2-1/2

[Event "Top 16 Groupe A"]
[Site "CHARTRES, France"]
[Date "2024.06.03"]
[Round "5.1"]
[White "Amin, Bassem"]
[Black "Erigaisi Arjun"]
[Result "1/2-1/2"]
[WhiteElo "2682"]
[BlackElo "2761"]
[PlyCount "22"]
[EventDate "2024.??.??"]

1. Nf3 {32} c5 {187} 2. g3 {33} g6 {8} 3. Bg2 {37} Bg7 {7} 4. O-O {115} Nc6 {6}
5. c4 {16} d6 {16} 6. Nc3 {22} Bf5 {9} 7. h3 {345} Qd7 {315} 8. Kh2 {90} h5 {
678} 9. d3 {184} Nd4 {87} 10. Nh4 {358} Be6 {118} 11. e3 {129} Nc6 {1222}
1/2-1/2

[Event "Top 16 Groupe A"]
[Site "CHARTRES, France"]
[Date "2024.06.03"]
[Round "5.3"]
[White "Van Foreest, Jorden"]
[Black "Bailet, Pierre"]
[Result "1-0"]
[WhiteElo "2664"]
[BlackElo "2491"]
[PlyCount "81"]
[EventDate "2024.??.??"]

1. Nf3 {3} d5 {39} 2. g3 {18} Nf6 {90} 3. Bg2 {16} e6 {45} 4. O-O {31} Be7 {50}
5. d4 {35} O-O {116} 6. c4 {17} dxc4 {14} 7. Qc2 {9} a6 {32} 8. a4 {11} Bd7 {37
} 9. Qxc4 {8} Bc6 {20} 10. Bf4 {12} Bd6 {268} 11. Qc1 {7} a5 {625} 12. Nc3 {28}
Na6 {237} 13. Bd2 {18} Nb4 {189} 14. Qb1 {35} Bxf3 {150} 15. Bxf3 {6} c6 {9}
16. Rd1 {341} Qe7 {357} 17. Kg2 {366} e5 {398} 18. Bg5 {596} exd4 {1114} 19.
Rxd4 {8} Be5 {131} 20. Rh4 {217} h6 {56} 21. Ne4 {4} Nbd5 {91} 22. Nxf6+ {254}
Bxf6 {121} 23. Bxf6 {36} Nxf6 {385} 24. b4 {8} Rfd8 {72} 25. b5 {40} Qe5 {148}
26. Ra3 {88} Nd5 {442} 27. bxc6 {271} bxc6 {4} 28. Qc1 {8} Nb4 {115} 29. Re3 {
22} Qf6 {117} 30. Qc5 {218} Nd5 {482} 31. Rd3 {10} Nb4 {32} 32. Rdd4 {301} Rxd4
{65} 33. Rxd4 {3} Qg5 {122} 34. Qd6 {56} Re8 {64} 35. Rg4 {226} Qe5 {11} 36.
Qxh6 {52} f5 {129} 37. Rg5 {63} Nc2 {36} 38. Bxc6 {83} Ne1+ {108} 39. Kh3 {19}
Re7 {35} 40. e4 {63} Nf3 {32} 41. Bd5+ {14} 1-0

[Event "Top 16 Groupe A"]
[Site "CHARTRES, France"]
[Date "2024.06.03"]
[Round "5.5"]
[White "Van Wely, Loek"]
[Black "Vitoux, Colomban"]
[Result "1-0"]
[WhiteElo "2607"]
[BlackElo "2374"]
[PlyCount "81"]
[EventDate "2024.??.??"]

1. c4 {84} Nf6 {46} 2. Nc3 {19} g6 {39} 3. d4 {111} d5 {37} 4. Bg5 {250} Ne4 {
181} 5. Bh4 {10} Nxc3 {133} 6. bxc3 {5} Bg7 {104} 7. e3 {384} c5 {89} 8. Nf3 {
293} Nc6 {122} 9. cxd5 {434} Qxd5 {34} 10. Be2 {60} cxd4 {644} 11. cxd4 {28} e5
{227} 12. dxe5 {198} Qa5+ {24} 13. Qd2 {8} Qxd2+ {197} 14. Kxd2 {6} O-O {111}
15. Rac1 {169} Be6 {686} 16. Rc5 {1298} Rfc8 {360} 17. Bd3 {1342} Nb4 {571} 18.
Rxc8+ {125} Rxc8 {5} 19. Be4 {377} Bxa2 {161} 20. Ra1 {13} Rc7 {696} 21. Bf6 {
244} Bxf6 {236} 22. exf6 {2} a6 {87} 23. g4 {48} h6 {97} 24. h4 {20} Rc5 {872}
25. Nd4 {136} Bd5 {125} 26. Bxd5 {57} Rxd5 {31} 27. Kc3 {81} Nc6 {154} 28. Kc4
{136} Rd7 {18} 29. f4 {88} Nxd4 {23} 30. exd4 {2} g5 {83} 31. fxg5 {24} hxg5 {1
} 32. h5 {23} Rd6 {49} 33. Rf1 {29} Rc6+ {67} 34. Kd3 {67} b5 {48} 35. d5 {27}
Rc4 {32} 36. Re1 {70} Rc5 {53} 37. Kd4 {71} Rc4+ {12} 38. Ke5 {5} Rc8 {65} 39.
Rd1 {68} Re8+ {46} 40. Kd4 {20} b4 {22} 41. d6 {157} 1-0

[Event "Top 16 Groupe A"]
[Site "CHARTRES, France"]
[Date "2024.06.03"]
[Round "5.6"]
[White "Barseghyan, Harutyun"]
[Black "Delorme, Axel"]
[Result "0-1"]
[WhiteElo "2430"]
[BlackElo "2487"]
[PlyCount "96"]
[EventDate "2024.??.??"]

1. d4 {225} d5 {17} 2. c4 {349} e6 {4} 3. Nf3 {18} Nf6 {6} 4. g3 {5} Be7 {12}
5. Bg2 {37} O-O {15} 6. Nbd2 {614} b6 {138} 7. cxd5 {452} exd5 {65} 8. Ne5 {66}
Bb7 {82} 9. O-O {308} Na6 {730} 10. Ndf3 {209} c5 {698} 11. b3 {149} Nc7 {185}
12. Bb2 {77} Ne6 {42} 13. Rc1 {87} Re8 {479} 14. Rc2 {257} Ne4 {436} 15. Qa1 {
120} Bf8 {325} 16. Rd1 {243} Qe7 {81} 17. e3 {209} Red8 {335} 18. dxc5 {695}
bxc5 {66} 19. Nd2 {514} Nd6 {349} 20. Nd3 {46} Rac8 {207} 21. Rdc1 {39} Ne4 {
121} 22. Ba3 {135} Qg5 {646} 23. Nxe4 {180} dxe4 {13} 24. Nf4 {4} Nxf4 {254}
25. exf4 {4} Qh5 {3} 26. Re1 {200} Rd4 {225} 27. Bc1 {241} Rd1 {298} 28. Qc3 {
212} c4 {41} 29. Rf1 {372} Rxf1+ {293} 30. Bxf1 {1} e3 {55} 31. bxc4 {228} Qf3
{47} 32. fxe3 {5} Qh1+ {13} 33. Kf2 {3} Qxh2+ {19} 34. Ke1 {2} Qxg3+ {21} 35.
Rf2 {4} h5 {74} 36. Bd2 {14} Bc5 {40} 37. Qe5 {24} h4 {36} 38. Ke2 {160} Qg4+ {
13} 39. Ke1 {48} Qg3 {9} 40. Ke2 {15} Bb6 {62} 41. Bc3 {1014} Bc6 {526} 42. c5
{494} Bb5+ {108} 43. Kd1 {141} Rxc5 {366} 44. Qb8+ {8} Kh7 {9} 45. Rg2 {21}
Qf3+ {109} 46. Kd2 {6} Qd5+ {86} 47. Bd4 {27} Qxa2+ {32} 48. Kd1 {11} Ba4+ {9}
0-1

[Event "Top 16 Groupe A"]
[Site "CHARTRES, France"]
[Date "2024.06.03"]
[Round "5.7"]
[White "Tregubov, Pavel V"]
[Black "Migot, Tangi"]
[Result "1/2-1/2"]
[WhiteElo "2562"]
[BlackElo "2326"]
[PlyCount "59"]
[EventDate "2024.??.??"]

1. e4 {109} c5 {10} 2. Nf3 {6} e6 {29} 3. c3 {7} d5 {23} 4. e5 {22} d4 {89} 5.
Na3 {13} Ne7 {363} 6. Nc4 {68} Ng6 {94} 7. a4 {70} Nc6 {421} 8. d3 {22} Qc7 {
194} 9. Qe2 {121} b6 {226} 10. h4 {25} h5 {166} 11. g3 {598} Bb7 {136} 12. Bg2
{979} Ncxe5 {675} 13. Ncxe5 {46} Nxe5 {41} 14. cxd4 {17} cxd4 {506} 15. O-O {7}
Nxf3+ {500} 16. Bxf3 {35} Bc5 {22} 17. Bf4 {68} Qd7 {149} 18. Bxb7 {468} Qxb7 {
11} 19. Qe5 {20} O-O {292} 20. Qxh5 {144} Rfd8 {73} 21. Rfe1 {125} Rd5 {283}
22. Qg4 {96} Bd6 {327} 23. Bd2 {643} Rc8 {190} 24. Rac1 {311} Bf8 {146} 25. b3
{244} b5 {309} 26. axb5 {255} Rxb5 {105} 27. Qxd4 {391} Rxb3 {35} 28. Rxc8 {127
} Qxc8 {5} 29. Qxa7 {363} Rxd3 {17} 30. Be3 {147} 1/2-1/2

[Event "Top 16 Groupe A"]
[Site "CHARTRES, France"]
[Date "2024.06.03"]
[Round "5.13"]
[White "Wirig, Anthony"]
[Black "De Balmann, Marc"]
[Result "1/2-1/2"]
[WhiteElo "2453"]
[BlackElo "2148"]
[PlyCount "65"]
[EventDate "2024.??.??"]

1. Nf3 {15} Nf6 {6} 2. g3 {9} g6 {5} 3. b3 {31} Bg7 {10} 4. Bb2 {6} O-O {8} 5.
Bg2 {52} d6 {151} 6. d4 {51} Nbd7 {174} 7. O-O {333} c6 {167} 8. c4 {230} Re8 {
417} 9. Qc2 {47} e5 {419} 10. e4 {188} exd4 {373} 11. Nxd4 {108} Nc5 {8} 12.
Nd2 {159} a5 {280} 13. Rae1 {1165} Qb6 {487} 14. h3 {624} Nfd7 {888} 15. Ba1 {
181} a4 {716} 16. Ne2 {120} axb3 {246} 17. axb3 {56} Bxa1 {157} 18. Rxa1 Rxa1 {
15} 19. Rxa1 {8} Ne5 {14} 20. Qa2 {777} Ned3 {205} 21. Qa5 {146} Qxa5 {41} 22.
Rxa5 {2} Kf8 {414} 23. Nc3 {570} Ke7 {47} 24. f4 {77} f6 {40} 25. Bf1 {58} Nb4
{100} 26. h4 {216} Kd8 {78} 27. Bg2 {163} Kc7 {14} 28. Ra1 {11} Bg4 {81} 29.
Kf2 {113} Nc2 {112} 30. Ra2 {60} Nb4 {14} 31. Ra1 {94} Nc2 {5} 32. Ra2 {60} Nb4
{4} 33. Ra1 {63} 1/2-1/2

[Event "Top 16 Groupe A"]
[Site "CHARTRES, France"]
[Date "2024.06.03"]
[Round "5.14"]
[White "Bosc, Seraphina"]
[Black "Sochacki, Christophe"]
[Result "0-1"]
[WhiteElo "2216"]
[BlackElo "2449"]
[PlyCount "54"]
[EventDate "2024.??.??"]

1. e4 {6} e5 {6} 2. Nf3 {24} Nc6 {6} 3. Bc4 {40} Nf6 {8} 4. d3 {4} Bc5 {6} 5.
Bg5 {37} h6 {50} 6. Bh4 {9} g5 {394} 7. Bg3 {29} d6 {7} 8. c3 {230} a6 {885} 9.
a4 {39} Ba7 {110} 10. a5 {118} Ne7 {664} 11. Qb3 {275} O-O {169} 12. O-O {107}
c6 {146} 13. Qc2 {68} Ng6 {197} 14. Nbd2 {376} h5 {712} 15. d4 {1574} h4 {312}
16. dxe5 {81} Nh5 {412} 17. exd6 {223} hxg3 {11} 18. hxg3 {35} Nxg3 {420} 19.
Rfe1 {133} Kg7 {808} 20. Nd4 {142} Qxd6 {91} 21. fxg3 {229} Ne5 {181} 22. Kf1 {
430} f5 {68} 23. Ke2 {856} fxe4 {2} 24. Qxe4 {101} Bg4+ {12} 25. N2f3 {201}
Rae8 {30} 26. Ne6+ {681} Bxe6 {31} 27. Bxe6 {33} Nxf3 {43} 0-1

[Event "Top 16 Groupe A"]
[Site "Chartres, France"]
[Date "2024.06.03"]
[Round "5.17"]
[White "Albornoz Cabrera, Carlos Daniel"]
[Black "Martirosyan, Haik M"]
[Result "1/2-1/2"]
[WhiteElo "2610"]
[BlackElo "2678"]
[PlyCount "72"]
[EventDate "2024.??.??"]

1. e4 {1} e5 {16} 2. Nf3 {5} Nc6 {10} 3. Bb5 {4} Nf6 {9} 4. O-O {5} Nxe4 {17}
5. Re1 {4} Nd6 {9} 6. Nxe5 {5} Be7 {8} 7. Bf1 {9} Nxe5 {8} 8. Rxe5 {4} O-O {12}
9. d4 {3} Bf6 {9} 10. Re1 {6} Nf5 {5} 11. d5 {10} d6 {6} 12. Nd2 {8} h6 {6} 13.
c3 {17} Bd7 {391} 14. a4 {13} a5 {556} 15. Qb3 {12} b6 {225} 16. Ne4 {57} Be5 {
743} 17. f4 {21} Bf6 {6} 18. Bb5 {4} Bh4 {844} 19. g3 {624} Be7 {45} 20. Bd2 {
186} h5 {151} 21. Qd1 {404} g6 {842} 22. c4 {285} Bxb5 {120} 23. axb5 {1430}
Bf6 {404} 24. Nxf6+ {5} Qxf6 {4} 25. Bc3 {6} Qd8 {3} 26. Qd3 {478} Qd7 {159}
27. h3 {230} Rfe8 {857} 28. Kf2 {80} Ng7 {527} 29. Qd4 {79} f5 30. g4 {1301}
fxg4 {19} 31. hxg4 {4} Rf8 {83} 32. Qxg7+ {563} Qxg7 {2} 33. Bxg7 {6} Kxg7 {13}
34. Re7+ {73} Rf7 {28} 35. Rxf7+ {99} Kxf7 36. g5 {94} Re8 {74} 1/2-1/2

[Event "Top 16 Groupe A"]
[Site "Chartres, France"]
[Date "2024.06.03"]
[Round "5.20"]
[White "Movsesian, Sergei"]
[Black "Kunin, Vitaly"]
[Result "1-0"]
[WhiteElo "2618"]
[BlackElo "2522"]
[PlyCount "81"]
[EventDate "2024.??.??"]

1. e4 {4} e6 {18} 2. d4 {22} d5 {13} 3. Nc3 {20} dxe4 {59} 4. Nxe4 {4} Bd7 {39}
5. Nf3 {256} Bc6 {14} 6. Bd3 {13} Nd7 {10} 7. O-O {315} Ngf6 {38} 8. Ned2 {8}
Be7 {45} 9. Re1 {272} O-O {68} 10. c3 {484} a5 {201} 11. Bc2 {196} b5 {377} 12.
Qe2 {292} Rb8 {948} 13. a4 {521} b4 {142} 14. c4 {509} Re8 {1162} 15. Nb3 {1029
} Ra8 {163} 16. Bf4 {194} Bxf3 {394} 17. Qxf3 {6} Bd6 {14} 18. Bg5 {273} h6 {
150} 19. Bh4 {20} g5 {326} 20. Bg3 {111} Bxg3 {12} 21. fxg3 {72} Kg7 {77} 22.
Re2 {135} Ng8 {709} 23. Be4 {130} Ra7 {12} 24. Rf1 {68} Re7 {219} 25. Bc2 {240}
Ra6 {289} 26. Ref2 {89} Qe8 {246} 27. Qd3 {173} Nf8 {124} 28. h4 {179} gxh4 {
187} 29. gxh4 {7} Kh8 {25} 30. Nc5 {99} Rb6 {29} 31. Qg3 {100} e5 {109} 32.
dxe5 {37} Qc6 {76} 33. Ne4 {42} Qg6 {12} 34. Ng5 {27} hxg5 {119} 35. Bxg6 {5}
Rxg6 {7} 36. Rxf7 {39} Rxf7 {7} 37. Rxf7 {3} gxh4 {25} 38. Qxh4+ {20} Rh6 {7}
39. Qxh6+ {66} Nxh6 {7} 40. Rxf8+ {3} Kg7 {9} 41. Ra8 {8} 1-0

[Event "Top 16 Groupe A"]
[Site "Chartres, France"]
[Date "2024.06.03"]
[Round "5.21"]
[White "Girel, Joseph"]
[Black "Pelletier, Yannick"]
[Result "1/2-1/2"]
[WhiteElo "2474"]
[BlackElo "2514"]
[PlyCount "81"]
[EventDate "2024.??.??"]

1. e4 {10} e6 {74} 2. d4 {11} d5 {8} 3. Nc3 {48} Nf6 {28} 4. e5 {15} Nfd7 {7}
5. f4 {13} c5 {18} 6. Nf3 {9} Nc6 {128} 7. Be3 {9} a6 {4} 8. Ne2 {32} Qb6 {293}
9. Qc1 {24} cxd4 {14} 10. Nexd4 {96} Nxd4 {23} 11. Nxd4 {130} f6 {76} 12. exf6
{586} Nxf6 {13} 13. Be2 {93} Bc5 {126} 14. c3 {58} a5 {6} 15. O-O {204} O-O {12
} 16. a3 {635} a4 {1788} 17. Nc2 {67} Re8 {143} 18. Bxc5 {76} Qxc5+ {6} 19. Nd4
{317} e5 {27} 20. fxe5 {6} Rxe5 {3} 21. Bd3 {521} Bd7 {71} 22. Qf4 {364} Rae8 {
15} 23. Qf2 {209} R5e7 {1602} 24. Nf5 {1546} Qxf2+ {20} 25. Rxf2 {7} Re1+ {26}
26. Rxe1 {15} Rxe1+ {4} 27. Rf1 {13} Bxf5 {117} 28. Bxf5 {10} Re2 {7} 29. Rf2 {
10} Re1+ {4} 30. Rf1 {4} Re2 {7} 31. g4 {430} g5 {1043} 32. Rf2 {280} Re1+ {46}
33. Kg2 {31} Kg7 {17} 34. Rd2 {24} Kf7 {342} 35. Kf2 {37} Re4 {71} 36. Rd4 {300
} Rxd4 {10} 37. cxd4 {2} Ke7 {15} 38. Ke3 {38} Kd6 {44} 39. Kd3 {26} Kc6 {42}
40. Kc3 {13} Kb5 {108} 41. Bd3+ {186} 1/2-1/2

[Event "Top 16 Groupe A"]
[Site "Chartres, France"]
[Date "2024.06.03"]
[Round "5.22"]
[White "Cornette, Matthieu"]
[Black "Degraeve, Remy"]
[Result "0-1"]
[WhiteElo "2568"]
[BlackElo "2432"]
[PlyCount "48"]
[EventDate "2024.??.??"]

1. d4 {144} Nf6 {22} 2. c4 {15} e6 {3} 3. Nc3 {28} d5 {5} 4. cxd5 {49} exd5 {6}
5. Bg5 {39} Bb4 {10} 6. e3 {297} h6 {4} 7. Bh4 {75} g5 {5} 8. Bg3 {4} Ne4 {7}
9. Nge2 {28} h5 {14} 10. h3 {4} Nc6 {6} 11. Bh2 {760} g4 {48} 12. Bf4 {247}
gxh3 {7} 13. a3 {323} Nxc3 {998} 14. Nxc3 {128} Bd6 {136} 15. Bxd6 {258} Qxd6 {
13} 16. gxh3 {243} Bf5 {298} 17. Qa4 {351} a6 {1465} 18. Qb3 {430} O-O-O {156}
19. Na4 {152} Nxd4 {730} 20. exd4 {28} Rhe8+ {119} 21. Be2 {219} Qf4 {46} 22.
Rg1 {555} Rxe2+ {200} 23. Kxe2 {8} Re8+ {5} 24. Kf1 {333} Qh2 {43} 0-1

[Event "Top 16 Groupe A"]
[Site "Chartres, France"]
[Date "2024.06.03"]
[Round "5.25"]
[White "Travadon, Loic"]
[Black "Ter-Sahakyan, Samvel"]
[Result "1/2-1/2"]
[WhiteElo "2445"]
[BlackElo "2650"]
[PlyCount "44"]
[EventDate "2024.??.??"]

1. e4 {58} c5 {7} 2. Nf3 {6} d6 {5} 3. Bb5+ {6} Nd7 {84} 4. d4 {10} cxd4 {280}
5. Nxd4 {7} Ngf6 {16} 6. O-O {9} a6 {178} 7. Bd3 {7} Nc5 {34} 8. Nc3 {11} g6 {
318} 9. Re1 {32} Bg7 {14} 10. Bf1 {7} O-O {34} 11. a4 {5} Bd7 {206} 12. Ra3 {16
} Rc8 {178} 13. a5 {5} Re8 {865} 14. b4 {1065} e5 {317} 15. Nf3 {181} Ne6 {19}
16. Be3 {111} Nc7 {351} 17. Bg5 {287} Bc6 {836} 18. Bc4 {75} Qd7 {381} 19. Bxf6
{163} Bxf6 {8} 20. Re2 {33} Red8 {296} 21. Rd2 {200} Kg7 {10} 22. Qe2 {269} h5
{333} 1/2-1/2

[Event "Top 16 Groupe A"]
[Site "Chartres, France"]
[Date "2024.06.03"]
[Round "5.26"]
[White "Fedorchuk, Sergey A"]
[Black "Bonte, Andrei-Mihai"]
[Result "1-0"]
[WhiteElo "2546"]
[BlackElo "2269"]
[PlyCount "99"]
[EventDate "2024.??.??"]

1. e4 {3} c6 {62} 2. d4 {234} d5 {8} 3. Nd2 {99} dxe4 {61} 4. Nxe4 {8} Bf5 {30}
5. Ng3 {163} Bg6 {8} 6. Nh3 {8} e6 {814} 7. Nf4 {103} Qh4 {590} 8. Be3 {527}
Bd6 {535} 9. Qd2 {416} Ne7 {391} 10. Be2 {1831} Bxf4 {516} 11. Bxf4 {4} h6 {9}
12. Bd6 {367} Nc8 {522} 13. Ba3 {58} Nd7 {232} 14. O-O {133} Ncb6 {50} 15. c4 {
64} O-O-O {116} 16. Rfd1 {21} Ne5 {288} 17. Qc3 {339} Ng4 {86} 18. h3 {314} Nf6
{14} 19. b3 {247} Ne4 {222} 20. Nxe4 {8} Qxe4 {18} 21. Bf3 {25} Qc2 {81} 22.
Qe3 {93} Rhe8 {84} 23. Bc5 {185} Kb8 {807} 24. a4 {46} Nd7 {131} 25. Bd6+ {144}
Ka8 {1} 26. a5 {149} a6 {65} 27. Rac1 {153} Qb2 {119} 28. Re1 {327} Nb8 {138}
29. Re2 {184} Qxc1+ {13} 30. Qxc1 Rxd6 {7} 31. d5 {21} cxd5 {168} 32. cxd5 {5}
Red8 {48} 33. Qc7 {76} R6d7 {72} 34. Qc3 {42} exd5 {19} 35. Qxg7 {5} Nc6 {78}
36. Rb2 {15} Nxa5 {79} 37. Qxh6 {4} Nc6 {18} 38. h4 {48} Ne5 {33} 39. Be2 {21}
d4 {33} 40. Qf4 {39} Nc6 {31} 41. h5 {33} Bh7 {40} 42. Bg4 {32} Rd6 {256} 43.
Qxf7 {119} Bg8 {356} 44. Qc7 {160} Bd5 {243} 45. Rd2 {55} Be4 {573} 46. f3 {503
} Ne5 {155} 47. Bc8 {45} Nxf3+ {164} 48. gxf3 {11} Bxf3 {3} 49. Rf2 {45} Bd5 {
55} 50. Rf7 {67} 1-0